000 00329pab a2200133 454500
008 180718b1989 xxu||||| |||| 00| 0 eng d
245 _aReshaping civil Liberties (Special Features)
260 _c1989
300 _a262-96
362 _aJul.-Sep.
650 _aCivil Liberties
773 _aThe political Quarterly
909 _a5640
999 _c5640
_d5640